| 000 | 00675nam a2200217Ia 4500 | ||
|---|---|---|---|
| 003 | GCL | ||
| 008 | 140319s9999 xx 000 0 ara d | ||
| 040 |
_aGCL / _cGCL |
||
| 082 | 0 | 4 |
_a219.9 _bهـ ا |
| 100 | 1 | _aهانتيجتون, صموئيل بى | |
| 245 | 1 | 0 |
_aالاسلام والغرب افاق الصدام / _cهانتيجتون, صموئيل بى |
| 700 | 1 | _aمجدى شرشر | |
| 300 | _a128 ص | ||
| 490 | _a | ||
| 650 | 0 | 4 | _aالحضارة |
| 650 | 0 | 4 | _aالثقافة |
| 650 | 0 | 4 | _aالاسلام والسياسة |
| 650 | 0 | 4 | _aالنظام العالمى الحديث |
| 650 | 0 | 4 | _aاوربا - الاحوال الاقتصادية |
| 942 |
_2ddc _cBK |
||
| 999 |
_c37877 _d37877 |
||